书目信息 |
| 题名: |
妈祖的子民
|
|
| 作者: | 徐晓望 | |
| 分册: | ||
| 出版信息: | 上海 学林出版社 1999 |
|
| 页数: | ||
| 开本: | ||
| 丛书名: | ||
| 单 册: | ||
| 中图分类: | G1 | |
| 科图分类: | ||
| 主题词: | 文化事业--基本建设 , 文化事业--概况--世界 | |
| 电子资源: | ||
| ISBN: | 7-80616-790-0 | |
| 000 | 00576nam0 2200193 450 | |
| 001 | 0735257515 | |
| 005 | 20070904094737.51 | |
| 010 | @a7-80616-790-0@d23 | |
| 100 | @a20070904d km y0chiy0120 ea | |
| 101 | 0 | @achi |
| 200 | 1 | @a妈祖的子民@Ama zu de zi min@e闽台海洋文化研究@f徐晓望@Fxu xiao wang |
| 210 | @a上海@c学林出版社@d1999 | |
| 517 | 1 | @a闽台海洋文化研究@Amin tai hai yang wen hua yan jiu |
| 606 | 0 | @a文化事业@x基本建设 |
| 606 | 0 | @a文化事业@x概况@x世界 |
| 690 | @aG1@v3 | |
| 701 | 0 | @a徐晓望@Axu xiao wang |
| 801 | 0 | @aCN@bPFT@c20070904 |
| 905 | @a213230@dG1@ea16@f1 | |
| 妈祖的子民:闽台海洋文化研究/徐晓望.-上海:学林出版社,1999 |
| ISBN 7-80616-790-0:23 |
| ● |
| 相关链接 |
|
|
|
|
正题名:妈祖的子民
索取号:G1/a16
 
预约/预借
| 序号 | 登录号 | 条形码 | 馆藏地/架位号 | 状态 | 备注 |
| 1 | 7503308 | 275033081 | 密集书库-史法系/ [索取号:G1/a16] | 在馆 |